| 000 | 00644nam a22002057a 4500 | ||
|---|---|---|---|
| 003 | 0 | ||
| 005 | 20230926120135.0 | ||
| 008 | 230926b xxu||||| |||| 00| 0 eng d | ||
| 020 | _a978-1-98468-037-2 | ||
| 050 |
_aQA 39 _b.T57 2023 |
||
| 110 | _a3G E-Learning | ||
| 245 |
_aGeneral mathematics _c3G E-Learning |
||
| 250 | _aThird edition | ||
| 260 |
_aNew York _b3G E-learning LLC _cc2023. |
||
| 300 |
_ax, 346 pages : _bcol. ill. ; _c26 cm. _e1 DVD. |
||
| 500 | _aMathematics--study & teaching. | ||
| 504 | _aIncludes bibliographical references, glossary, and index. | ||
| 650 | _aMathematics--study & teaching. | ||
| 942 |
_2lcc _cBK |
||
| 999 |
_c365409 _d365409 |
||